Sustainability Indicators - the Boundaries and Alternatives of GDP
Na kvantifikáciu ekonomickej výkonnosti sa používa na celom svete HDP, ktorý vznikol v 30. rokoch 20. storočia. Tento indikátor je vhodný na meranie výkonnosti ekonomiky a blahobytu jednotlivcov v danom časovom bode, ale jeho schopnosti sú obmedzené. Blaho ľudí, vplyv environmentálnych škôd spôsoben...
Guardado en:
| Autor principal: | |
|---|---|
| Otros Autores: | |
| Formato: | Capítulo de libro |
| Lenguaje: | inglés |
| Materias: | |
| Etiquetas: |
Sin Etiquetas, Sea el primero en etiquetar este registro!
|
MARC
| LEADER | 00000naa a2200000 4500 | ||
|---|---|---|---|
| 001 | 0303584 | ||
| 005 | 20240813095638.6 | ||
| 041 | 0 | |a eng | |
| 044 | |a HU | ||
| 245 | 1 | 0 | |a Sustainability Indicators - the Boundaries and Alternatives of GDP |c Csaba Kandrács, Renátó Ritter |
| 520 | |a Na kvantifikáciu ekonomickej výkonnosti sa používa na celom svete HDP, ktorý vznikol v 30. rokoch 20. storočia. Tento indikátor je vhodný na meranie výkonnosti ekonomiky a blahobytu jednotlivcov v danom časovom bode, ale jeho schopnosti sú obmedzené. Blaho ľudí, vplyv environmentálnych škôd spôsobených výrobou a udržateľnosť ekonomickej výkonnosti nespadajú do rámca metriky. Od 70. rokov 20. storočia sa vedú diskusie o nedostatkoch tohto ukazovateľa a jeho možných alternatív. Predstavenie princípov udržateľnosti, poskytnutie prehľadu alternatívnych indikátorov považovaných za relevantnejšie v Maďarsku a v zahraničí a prezentácia nového indikátora udržateľnosti Maďarskej centrálnej banky. | ||
| 610 | 2 | 0 | |a produkt domáci hrubý |
| 610 | 2 | 0 | |a výkonnosť ekonomiky |
| 610 | 2 | 0 | |a blahobyt |
| 610 | 2 | 0 | |a ukazovatele ekonomické |
| 610 | 2 | 0 | |a udržateľnosť |
| 610 | 2 | 0 | |a banky centrálne |
| 610 | 2 | 0 | |a Maďarsko |
| 100 | 1 | |a Kandrács, Csaba | |
| 700 | 1 | |a Ritter, Renátó | |